Буровые растворы для вскрытия продуктивных пластов; Проблемы геологии и освоения недр; Т. 2

Manylion Llyfryddiaeth
Parent link:Проблемы геологии и освоения недр: труды XXI Международного симпозиума имени академика М. А. Усова студентов и молодых ученых, посвященного 130-летию со дня рождения профессора М. И. Кучина, Томск, 3-7 апреля 2017 г./ Национальный исследовательский Томский политехнический университет (ТПУ), Институт природных ресурсов (ИПР) ; под ред. А. С. Боева.— , 2017
Т. 2.— 2017.— [С. 99-101]
Prif Awdur: Карсеко К. С.
Awdur Corfforaethol: Гомельский государственный технический университет имени П. О. Сухого, г. Гомель, Республика Беларусь
Awduron Eraill: Бруй Л. К. (научный руководитель)
Crynodeb:Заглавие с экрана
Iaith:Rwseg
Cyhoeddwyd: 2017
Cyfres:Современные технологии разработки нефтяных и газовых месторождений
Pynciau:
Mynediad Ar-lein:http://earchive.tpu.ru/handle/11683/45004
Fformat: Electronig Pennod Llyfr
KOHA link:https://koha.lib.tpu.ru/cgi-bin/koha/opac-detail.pl?biblionumber=624986

MARC

LEADER 00000naa2a2200000 4500
001 624986
005 20231101133336.0
035 |a (RuTPU)RU\TPU\conf\24246 
035 |a RU\TPU\conf\24244 
090 |a 624986 
100 |a 20171205d2017 k y0rusy50 ca 
101 0 |a rus 
102 |a RU 
105 |a y z 100zy 
135 |a drcn ---uucaa 
181 0 |a i  
182 0 |a b 
200 1 |a Буровые растворы для вскрытия продуктивных пластов  |f К. С. Карсеко  |g науч. рук. Л. К. Бруй 
203 |a Текст  |c электронный 
225 1 |a Современные технологии разработки нефтяных и газовых месторождений 
230 |a 1 компьютерный файл (pdf; 421 Kb) 
300 |a Заглавие с экрана 
320 |a [Библиогр.: с. 101 (1 назв.)] 
461 1 |0 (RuTPU)RU\TPU\conf\21932  |t Проблемы геологии и освоения недр  |o труды XXI Международного симпозиума имени академика М. А. Усова студентов и молодых ученых, посвященного 130-летию со дня рождения профессора М. И. Кучина, Томск, 3-7 апреля 2017 г.  |o в 2 т.  |f Национальный исследовательский Томский политехнический университет (ТПУ), Институт природных ресурсов (ИПР) ; под ред. А. С. Боева  |d 2017 
463 1 |0 (RuTPU)RU\TPU\conf\21938  |t Т. 2  |v [С. 99-101]  |d 2017 
610 1 |a электронный ресурс 
610 1 |a буровые растворы 
610 1 |a вскрытие пласта 
610 1 |a продуктивные пласты 
610 1 |a производительность 
610 1 |a продуктивные горизонты 
610 1 |a проницаемость 
700 1 |a Карсеко  |b К. С. 
702 1 |a Бруй  |b Л. К.  |4 727 
712 0 2 |a Гомельский государственный технический университет имени П. О. Сухого, г. Гомель, Республика Беларусь 
801 2 |a RU  |b 63413507  |c 20171212  |g RCR 
856 4 |u http://earchive.tpu.ru/handle/11683/45004 
942 |c BK